Central Library OPAC University of Rajshahi

Old Goriot / (Record no. 22971)

MARC details
000 -LEADER
fixed length control field 00744cam a22002532a 4500
001 - CONTROL NUMBER
control field 22971
003 - CONTROL NUMBER IDENTIFIER
rucl marc code BD-RjUL
005 - DATE AND TIME OF LATEST TRANSACTION
control field 20211209000857.0
008 - FIXED-LENGTH DATA ELEMENTS--GENERAL INFORMATION
fixed length control field 140309s1960 enk b 000 1 eng d
035 ## - SYSTEM CONTROL NUMBER
System control number (BD-RjUL)23036
040 ## - CATALOGING SOURCE
Original cataloging agency CU
Transcribing agency DZM
Modifying agency UKM
-- BD-RjUL
Language of cataloging eng
041 ## - LANGUAGE CODE
Language code of text/sound track or separate title eng
082 ## - DEWEY DECIMAL CLASSIFICATION NUMBER
Classification number 843.7
Author mark and year BAO 1897
100 1# - MAIN ENTRY--PERSONAL NAME
Personal name Balzac, Honoré de,
Dates associated with a name 1799-1850.
9 (RLIN) 70829
245 10 - TITLE STATEMENT
Title Old Goriot /
Statement of responsibility, etc. Translated by Ellen Marriage. Introd. by Marcel Girard
260 ## - PUBLICATION, DISTRIBUTION, ETC. (IMPRINT)
Place of publication, distribution, etc. London :
Name of publisher, distributor, etc. Dent ;
Place of publication, distribution, etc. New York :
Name of publisher, distributor, etc. Dutton,
Date of publication, distribution, etc. [1960]
300 ## - PHYSICAL DESCRIPTION
Pagination 406 p
Illustrations ill. ;
Size 21 cm.
490 1# - SERIES STATEMENT
Series statement Everyman's library ;
Volume/sequential designation 170
504 ## - BIBLIOGRAPHY, ETC. NOTE
Bibliography, etc Bibliography: p. vii-ix
830 #0 - SERIES ADDED ENTRY--UNIFORM TITLE
Volume number/sequential designation 170
Uniform title Everyman's library ;
942 ## - ADDED ENTRY ELEMENTS (KOHA)
Source of classification or shelving scheme Dewey Decimal Classification
Koha item type Books
Holdings
Lost status Source of classification or shelving scheme Damaged status Not for loan Collection code Permanent Location Current Location Shelving location Date acquired Source of acquisition Cost, normal purchase price Total Checkouts Full call number Date last seen Copy number Koha item type
  Dewey Decimal Classification   Added to bundle Fiction Central Library, University of Rajshahi Central Library, University of Rajshahi Reading Room 20/11/1956 B.H.Blackwell 10.50   843.7 BAO 1897 09/03/2014 C-1 Books